000
00294nam a2200109 4500
999
_c
10912
_d
10912
008
180927b ||||| |||| 00| 0 eng d
245
_a
City library to be a tech4ed center.
260
_a
Davao City
_b
Sun Star Davao
_c
c2017
300
_a
page 2.
650
0
_9
31724
_a
Libraries.
942
_2
ddc
_c
PER